Harry Potter: I, J, K etc Quiz Stats

Quiz not verified by Sporcle

Challenge
Share
Tweet
Embed
Score 0/30 Timer 06:00
0 Plays Today
% Correct
Johnson, Angelina
89.9%
Kreacher
89.2%
International Confederation of Wizards
88.2%
Karkaroff, Igor
87.9%
Keeper
87.6%
Jordan, Lee
87.3%
King's Cross Station
86.9%
Knockturn Alley
86.9%
Ireland
86.6%
Knut
86.6%
Knotgrass
85.9%
Imperio
85.3%
Ice Mice
84.6%
Inferius
84%
Jorkins, Bertha
83%
% Correct
Incendio
82.4%
Kettleburn, Professor
81%
Invigoration Draught
80.7%
Jelly Slugs
79.7%
Kenmare Kestrals
79.4%
Incarcerous
79.1%
Jones, Gwenog
78.4%
Impedimentia
78.1%
Jelly-Legs Jinx
78.1%
Kappa
77.5%
Kwikspell
77.1%
Jarvey
65.4%
Kegg, Roland
61.1%
Jigger, Arsenius
59.8%
Imago, Inigo
52.9%

You're not logged in!

Compare scores with friends on all Sporcle quizzes.
Join for Free
OR
Log In

You Might Also Like...

Show Comments

Extras

Top Quizzes Today


Score Distribution

Your Account Isn't Verified!

In order to create a playlist on Sporcle, you need to verify the email address you used during registration. Go to your Sporcle Settings to finish the process.

Report this User

Report this user for behavior that violates our Community Guidelines.

Details: